000 01585cad a22002415a 4500
001 E147011
008 090323s2009 xxk f 000 0 eng d
035 _a(Sirsi) u147011
041 0 _aeng
050 0 4 _a333.33 $2 18
110 2 _aCushman and Wakefield
_9244
245 0 0 _aBusiness briefing
_bEuropean landlord & tenant survey 2009
_h[electronic resource]
260 _aLondon
_bCushman & Wakefield
_c2009
505 2 _aExecutive summary: intriduction -- Location and building factors: location preferences; building preferences; building dimensions; influence of building factors; lease terms -- Demand for space: space utilisation; occupational densities; factors influencing demand for space; expansion space; use of real estate to counter economic downturn -- Sustainability: focus on sustainability; occupation of green buildings; premiums for green buildings; environmental ratings; advantages of a green building; obstacles to green buildings -- Conclusion
520 _aPresents the results of a survey of 750 landlords and tenants, and assesses their attitudes to occupation of space and environmental issues, and what the implications of this are for the property industry. Breaks down the information by sector and geographical area.
521 _aAdvanced
590 _aKA
651 4 _aEurope
690 _aPROPERTY-COMMERCIAL PROPERTY-COMMERCIAL PROPERTY MARKET
690 _aPROPERTY-LEASEHOLD PROPERTY-LANDLORD AND TENANT
856 4 0 _uhttps://www.cushwake.com
_zView the report free of charge (requires registration) at www.cushwake.com...
942 _n0
999 _c109398
_d109398